10 palabras clave en parapsicología
Uloženo v:
| Hlavní autor: | |
|---|---|
| Médium: | Kniha |
| Jazyk: | španělština |
| Vydáno: |
Pamplona
Verbo Divino
1994
|
| Témata: | |
| Tagy: |
Přidat tag
Žádné tagy, Buďte první, kdo vytvoří štítek k tomuto záznamu!
|
MARC
| LEADER | 00000nam a2200000 a 4500 | ||
|---|---|---|---|
| 001 | UCP0505 | ||
| 003 | CL-VaPUC | ||
| 008 | 990313e19940000SP |||||||||||||||||spa|d | ||
| 082 | 0 | 4 | |a 133 |b PIL |2 21 |
| 100 | 0 | |a Pilón, José María |e author |9 425824 | |
| 245 | 1 | 0 | |a 10 palabras clave en parapsicología |
| 300 | |a 315 p | ||
| 942 | |c BK | ||
| 945 | |d 19990313 00:00:00 |a aarredon | ||
| 260 | |a Pamplona |b Verbo Divino |c 1994 | ||
| 650 | 7 | |a PARAPSICOLOGIA |2 CL-VaPUC |9 309534 | |
| 650 | 0 | |a Experiencia religiosa |9 315549 | |
| 650 | 7 | |a PERCEPCION EXTRASENSORIAL |2 CL-VaPUC |9 309537 | |
| 650 | 7 | |a CONOCIMIENTO INTUITIVO |2 CL-VaPUC |9 376436 | |
| 650 | 7 | |a ESPIRITISMO |2 CL-VaPUC |9 344956 | |
| 583 | |a last modification |c 20130317 12:37:15 |k Rodrigo Vera | ||
| 999 | |c 279279 |d 279277 | ||
| 952 | |0 0 |1 0 |4 0 |6 133_000000000000000_PIL_1994 |7 0 |8 F |9 318277 |a BIBTEO |b BIBTEO |d 2019-11-20 |i 2025752 |o 133 PIL 1994 |p 2025752 |r 2025-01-17 |w 2019-11-20 |y BK_F |k ICR | ||